El coronel no tiene quien le escriba

Guardat en:
Dades bibliogràfiques
Autor principal: García Márquez, Gabriel (Autor)
Format: Llibre
Idioma:espanyol
Publicat: Buenos Aires Random House Mondadori 2012
Edició:17a. ed
Col·lecció:Contemporánea
Matèries:
Etiquetes: Afegir etiqueta
Sense etiquetes, Sigues el primer a etiquetar aquest registre!

MARC

LEADER 00000cam a2200000 a 4500
001 UCF1770
003 CL-VaPUC
008 120723e20120000AG |||||||||||||||||spa|d
020 |a 9871138008 
082 0 4 |a Co863  |b GAR  |2 21 
100 0 |a García Márquez, Gabriel  |e author  |9 318478 
245 1 3 |a El coronel no tiene quien le escriba 
250 |a 17a. ed 
300 |a 104 p 
942 |c BK 
945 |d 20120723 00:00:00  |a dcastane 
260 |a Buenos Aires  |b Random House Mondadori  |c 2012 
650 0 |a Novelas colombianas  |9 266734 
650 0 |a Literatura colombiana   |9 315578 
583 |a last modification  |c 20120723 10:17:00  |k Rodrigo Vera 
490 0 |a Contemporánea 
999 |c 348458  |d 348456 
952 |0 0  |1 0  |4 0  |6 CO_863_000000000000000_GAR_2012  |7 0  |8 A  |9 450468  |a BIBING  |b BIBING  |d 2019-11-22  |i 4875133  |o Co863 GAR 2012  |p 4875133  |r 2025-01-20  |w 2019-11-22  |y BK  |k CUI